Behaviorálne financie a správanie investorov na finančných trhoch
Recenzia na monografiu, ktorá sa zoaoberá komplexným rozdelením a zatriedením jednotlivých odchýlok od racionálneho správania, s uvedením konkrétnych príkladov, ktoré čitateľa prinútia zamyslieť sa nielen nad tým, ako sa správajú investori na finančných trhoch ale ako sa správa on sám v bežnom život...
Gespeichert in:
| 1. Verfasser: | |
|---|---|
| Format: | Buchkapitel |
| Sprache: | Slowakisch |
| Schlagworte: | |
| Tags: |
Keine Tags, Fügen Sie das erste Tag hinzu!
|
MARC
| LEADER | 00000nla a2200000 4500 | ||
|---|---|---|---|
| 001 | 0176413 | ||
| 005 | 20240502073016.3 | ||
| 041 | 0 | |a slo | |
| 044 | |a SK | ||
| 245 | 1 | 0 | |a Behaviorálne financie a správanie investorov na finančných trhoch |c Miroslav Tučník |
| 520 | |a Recenzia na monografiu, ktorá sa zoaoberá komplexným rozdelením a zatriedením jednotlivých odchýlok od racionálneho správania, s uvedením konkrétnych príkladov, ktoré čitateľa prinútia zamyslieť sa nielen nad tým, ako sa správajú investori na finančných trhoch ale ako sa správa on sám v bežnom živote. | ||
| 610 | 2 | 0 | |a recenzie |
| 610 | 2 | 0 | |a trh finančný |
| 610 | 2 | 0 | |a rozhodovanie investičné |
| 610 | 2 | 0 | |a stratégia investičná |
| 100 | 1 | |a Tučník, Miroslav | |